000 01018nam a2200253Ia 4500
005 20151210105358.0
008 130821s2013 xxud gr eeng
020 _a9780691132792
040 _aCO-BoUCM
_cLuz Cupitra (modificó)
_bspa
_dAldemar Mondragón (modificó)
041 0 0 _aeng
245 0 4 _aThe handbook of organizational economics
_ceditado por Robert Gibbons y John Roberts
260 _aPrinceton (Nueva Jersey, Estados Unidos)
_bPrinceton University Press
_c2013
300 _axi, 1233 páginas
_btablas, gráficos, diagramas
504 _aIncluye referencias bibliográficas e índices
650 7 _aComportamiento organizacional
_911292
650 7 _aEconomía
_9174
650 7 _aOrganización industrial
_920855
650 7 _aSociología organizacional
_924809
690 _aEconomía del trabajo
700 1 _aGibbons, Robert
_d1958-
_932790
_eeditor
700 1 _aRoberts, John
_d1945-
_932791
_eeditor
942 _a7
_e1
_kR
_mH236
_cLIBROREF
_2DEWEY
_h338.5
999 _c41142
_d41142